Численное исследование влияния конвекции в смеси продуктов сгорания на интегральные характеристики испарения движущейся капли тонкораспыленной воды; Инженерно-физический журнал; Т. 87, № 1
| Parent link: | Инженерно-физический журнал=Journal of Engineering Physics and Thermophysics.— , 1958- Т. 87, № 1.— 2014.— [С. 98-106] |
|---|---|
| Κύριος συγγραφέας: | |
| Συγγραφή απο Οργανισμό/Αρχή: | |
| Άλλοι συγγραφείς: | |
| Περίληψη: | Заглавие с экрана Разработана модель тепломассопереноса для численного анализа макроскопических закономерностей движения одиночной капли тонкораспыленной воды через высокотемпературные продукты сгорания, описывающая комплекс основных взаимосвязанных процессов и фазовых переходов. Выполнен анализ влияния конвекции на интегральные характеристики испарения капли в смеси водяных паров и продуктов сгорания, а также установлены размеры ее "температурных" и "концентрационных" следов. Определены условия, при которых для оценки интегральных характеристик испарения капель тонкораспыленной воды можно использовать диффузионные приближения. Режим доступа: по договору с организацией-держателем ресурса |
| Γλώσσα: | Ρωσικά |
| Έκδοση: |
2014
|
| Θέματα: | |
| Διαθέσιμο Online: | http://elibrary.ru/item.asp?id=21091730 |
| Μορφή: | Ηλεκτρονική πηγή Κεφάλαιο βιβλίου |
| KOHA link: | https://koha.lib.tpu.ru/cgi-bin/koha/opac-detail.pl?biblionumber=640651 |
MARC
| LEADER | 00000naa0a2200000 4500 | ||
|---|---|---|---|
| 001 | 640651 | ||
| 005 | 20250307103817.0 | ||
| 035 | |a (RuTPU)RU\TPU\network\5222 | ||
| 035 | |a RU\TPU\network\5218 | ||
| 090 | |a 640651 | ||
| 100 | |a 20150423d2014 k||y0rusy50 ca | ||
| 101 | 0 | |a rus | |
| 102 | |a RU | ||
| 135 | |a drnn ---uucaa | ||
| 181 | 0 | |a i | |
| 182 | 0 | |a b | |
| 200 | 1 | |a Численное исследование влияния конвекции в смеси продуктов сгорания на интегральные характеристики испарения движущейся капли тонкораспыленной воды |f Г. В. Кузнецов, П. А. Стрижак | |
| 203 | |a Текст |c электронный | ||
| 300 | |a Заглавие с экрана | ||
| 320 | |a [Библиогр.: с. 105-106 (44 назв.)] | ||
| 330 | |a Разработана модель тепломассопереноса для численного анализа макроскопических закономерностей движения одиночной капли тонкораспыленной воды через высокотемпературные продукты сгорания, описывающая комплекс основных взаимосвязанных процессов и фазовых переходов. Выполнен анализ влияния конвекции на интегральные характеристики испарения капли в смеси водяных паров и продуктов сгорания, а также установлены размеры ее "температурных" и "концентрационных" следов. Определены условия, при которых для оценки интегральных характеристик испарения капель тонкораспыленной воды можно использовать диффузионные приближения. | ||
| 333 | |a Режим доступа: по договору с организацией-держателем ресурса | ||
| 461 | |t Инженерно-физический журнал |l Journal of Engineering Physics and Thermophysics |d 1958- | ||
| 463 | |t Т. 87, № 1 |v [С. 98-106] |d 2014 | ||
| 610 | 1 | |a электронный ресурс | |
| 610 | 1 | |a труды учёных ТПУ | |
| 610 | 1 | |a тепломассоперенос | |
| 610 | 1 | |a испарение | |
| 610 | 1 | |a вода | |
| 610 | 1 | |a капли | |
| 610 | 1 | |a термическое разложение | |
| 610 | 1 | |a лесное хозяйство | |
| 610 | 1 | |a пожары | |
| 610 | 1 | |a тушение | |
| 610 | 1 | |a аналитическое исследование | |
| 700 | 1 | |a Кузнецов |b Г. В. |c специалист в области теплоэнергетики |c профессор Томского политехнического университета, доктор физико-математических наук |f 1949- |g Гений Владимирович |3 (RuTPU)RU\TPU\pers\25528 |9 11458 | |
| 701 | 1 | |a Стрижак |b П. А. |c специалист в области теплоэнергетики |c профессор Томского политехнического университета, доктор физико-математических наук |f 1985- |g Павел Александрович |3 (RuTPU)RU\TPU\pers\25983 |9 11832 | |
| 712 | 0 | 2 | |a Национальный исследовательский Томский политехнический университет (ТПУ) |b Энергетический институт (ЭНИН) |b Кафедра теоретической и промышленной теплотехники (ТПТ) |3 (RuTPU)RU\TPU\col\18679 |
| 801 | 2 | |a RU |b 63413507 |c 20150423 |g RCR | |
| 856 | 4 | |u http://elibrary.ru/item.asp?id=21091730 | |
| 942 | |c CF | ||